[Event "50th World Juniors"]
[Site "Chennai IND"]
[Date "2011.08.07"]
[Round "6.51"]
[White "Karthikeyan,M2"]
[Black "Das,Say"]
[Result "0-1"]
[WhiteElo "2122"]
[BlackElo "2246"]

1.e4 c5 2.Nf3 a6 3.Nc3 e6 4.d4 cxd4 5.Nxd4 Qc7 6.Be2 b5 7.O-O Bb7 8.a3 Nf6
9.f3 Bd6 10.Kh1 Be7 11.Be3 Nc6 12.f4 d6 13.Bf3 O-O 14.f5 Nxd4 15.Bxd4 e5
16.Be3 Rac8 17.Qd2 Qb8 18.g4 Rc4 19.Qg2 Qa8 20.g5 Nxe4 21.f6 Bd8 22.Nxe4 Bxe4
23.fxg7 Kxg7 24.b3 Bxf3 25.Rxf3 Rc8 26.Raf1 Qc6 27.Qh3 Kg8 28.Qh6 Be7 29.Kg1 Qe4
30.Qh3 Rxc2 31.g6 hxg6 32.Bh6 d5 33.Bxf8 Bxf8 34.b4 f5 35.Qg3 f4 36.Qg4 Qf5
37.Qh4 Qh5 38.Qxh5 gxh5 39.R1f2 Rc1+ 40.Rf1 Rc6 41.Rd3 d4 42.Kg2 Bg7 43.Kf3 Rc2
44.h3 Kf7 45.Re1 Bf6 46.Ke4 Rg2 47.Rc1 Re2+ 48.Kf3 Re3+ 49.Rxe3 fxe3 50.Ke4 Bh4
51.Rc2 Bf2 52.Kd3 Kf6 53.Ke4 Kg5 54.Kd3 Kf4 55.Ke2 e4 56.Rc8 d3+ 57.Kf1 Bh4
58.Rf8+ Ke5 59.Re8+ Kd4  0-1

[Event "16th Creon Open"]
[Site "Creon FRA"]
[Date "2011.08.07"]
[Round "9.6"]
[White "Billon,O"]
[Black "Ivanov,Jo"]
[Result "0-1"]
[WhiteElo "2149"]
[BlackElo "2398"]

1.e4 c5 2.Nf3 e6 3.Nc3 a6 4.d4 cxd4 5.Nxd4 Qc7 6.f4 Nc6 7.Be3 b5 8.Bd3 Bb7
9.Qf3 Nf6 10.g4 h5 11.g5 Ng4 12.Bg1 Nxd4 13.Bxd4 e5 14.fxe5 Bc5 15.Bxc5 Qxc5
16.O-O-O Nxe5 17.Qf4 Rc8 18.Qg3 h4 19.Qg2 Qe3+ 20.Kb1 h3 21.Qf1 Qxg5 22.Rg1 Qf6
23.Qe2 Rh4 24.Qe3 Kf8 25.Rdf1 Qh6 26.Qd4 Re8 27.Rf5 Rh5 28.Rxh5 Qxh5 29.Qd6+ Kg8
30.Qf6 g6 31.Be2 Qh8 32.Qb6 Bc6 33.a3 Qh4 34.Qxa6 Qf2 35.Rf1 Qxh2 36.Qb6 Qg3
37.Rg1 Qh4 38.Qe3 h2 39.Rh1 Re6 40.Nd5 g5 41.b4 Bxd5 42.exd5 Nc4  0-1

[Event "MMK Krakow IM"]
[Site "Krakow POL"]
[Date "2011.08.07"]
[Round "3.4"]
[White "Barski,R"]
[Black "Kalinin,O"]
[Result "1-0"]
[WhiteElo "2313"]
[BlackElo "2366"]

1.e4 c5 2.Nf3 e6 3.d4 cxd4 4.Nxd4 a6 5.Nc3 Qc7 6.Bd3 Nc6 7.Nb3 Nf6 8.O-O Be7
9.f4 d6 10.Qf3 O-O 11.g4 b5 12.Be3 Nd7 13.Qh3 Nb4 14.Rac1 Qd8 15.Be2 e5 16.f5 Nb6
17.a3 Nc6 18.Nd5 Nxd5 19.exd5 Nd4 20.Bd3 Bf6 21.Nd2 Re8 22.Ne4 h6 23.Qh5 Kf8
24.h4 Ke7 25.Rce1  1-0

[Event "Montecatini Open A"]
[Site "Montecatini Terme ITA"]
[Date "2011.08.07"]
[Round "9"]
[White "Santagati,A"]
[Black "Bruno,Fabi"]
[Result "0-1"]
[WhiteElo "2219"]
[BlackElo "2466"]

1.e4 c5 2.d4 cxd4 3.Nf3 e6 4.Nxd4 a6 5.Nc3 d6 6.Be3 Qc7 7.Qd2 Nf6 8.f3 Nbd7
9.g4 b5 10.g5 Nh5 11.Nce2 Bb7 12.O-O-O Rc8 13.Kb1 Ne5 14.Ng1 Be7 15.Rc1 O-O
16.Qf2 d5 17.Be2 Ng6 18.Bd3 Qe5 19.Nh3 Nhf4 20.Nxf4 Nxf4 21.h4 Rfd8 22.Bxf4 Qxf4
23.Ne2 Qd2 24.Rcd1 Bc5 25.Qg2 Qe3 26.h5 Be7 27.Rdg1 dxe4 28.fxe4 Rxd3 29.cxd3 Qxd3+
30.Ka1 Rc2 31.Nc1 Qc4 32.Qg4 Qd4 33.Nd3 Qxd3 34.g6 Qd4  0-1

[Event "9th ch-EU Youth U14"]
[Site "Mureck AUT"]
[Date "2011.08.07"]
[Round "5"]
[White "Haavamae,Henrik"]
[Black "Machan,J"]
[Result "1-0"]
[WhiteElo "1918"]
[BlackElo "2012"]

1.e4 c5 2.Nf3 e6 3.d4 cxd4 4.Nxd4 a6 5.Nc3 Qc7 6.g3 b5 7.Bg2 Bb7 8.a3 Nf6
9.O-O Bc5 10.Nb3 Be7 11.Be3 d6 12.f4 Nbd7 13.Qe2 Rc8 14.Rad1 h5 15.h3 e5
16.Kh2 Ba8 17.Nd2 Nb6 18.Qf2 Nbd7 19.Nb3 Bc6 20.Rd2 a5 21.Qe2 a4 22.Nc1 Qb7
23.Nd5 Bxd5 24.exd5 O-O 25.Nd3 e4 26.Nf2 Rc4 27.Bd4 Re8 28.Nxe4 Nxe4 29.Bxe4 Bf6
30.Bh7+ Kxh7 31.Qxe8 Rxd4 32.Rxd4 Bxd4 33.Qe4+ f5 34.Qxd4 Nf6 35.Re1 Qc7
36.c3 Ne4 37.Rxe4 fxe4 38.Qxe4+ g6 39.f5 gxf5 40.Qxf5+ Kh6 41.h4 Qc5 42.Qg5+ Kh7
43.Qxh5+ Kg7 44.Qg5+ Kh7 45.Qf5+ Kg7 46.Qf4 Qc7 47.g4 b4 48.axb4 a3 49.Qd4+ Kh7
50.bxa3 Qe7 51.Qd3+ Kh8 52.Qf3 Qe1 53.Kg2 Qd2+ 54.Kh3 Qe1 55.g5 Kg7 56.h5 Qg1
57.h6+ Kg6 58.Qf6+  1-0

[Event "Arad Open A"]
[Site "Arad ROU"]
[Date "2011.08.09"]
[Round "6.4"]
[White "Florescu,C"]
[Black "Manolache,M"]
[Result "1/2-1/2"]
[WhiteElo "2266"]
[BlackElo "2533"]

1.e4 c5 2.Nf3 e6 3.d4 cxd4 4.Nxd4 a6 5.Nc3 Qc7 6.Bd3 Nc6 7.Nxc6 bxc6 8.O-O Nf6
9.Qe2 d6 10.Na4 Be7 11.c4 O-O 12.Bg5 Qa5 13.e5 Qxe5 14.Qxe5 dxe5 15.Be4 Ra7
16.Bxc6 Rc7 17.Bf3 Rxc4 18.b3 Rb4 19.Rfe1 e4 20.Rxe4 Rb5 21.Bxf6 Bxf6 22.Rd1 Bb7
23.Rc4 Bxf3 24.gxf3 Rg5+ 25.Kf1 Rf5 26.Rd3 h5 27.Rc5 Rxc5 28.Nxc5 Be7 29.Nxa6 Ra8
30.Rd7 Bf8 31.Nc7 Rxa2 32.Rd8 Rb2 33.Na6 g6 34.b4 Kg7 35.Rd7 Bxb4 36.Nxb4 Rxb4
37.Kg2 Kf6 38.Ra7 e5 39.Ra6+ Kg5 40.Rc6 f6 41.Ra6 h4 42.h3 Kf5 43.Rc6 Kg5
44.Ra6 Rb2 45.Re6 Rd2 46.Ra6 Rd1 47.Re6 Re1 48.Ra6 Kf5 49.Rb6 g5 50.Ra6 e4
51.fxe4+ Rxe4 52.Rb6 Ke5 53.Ra6 f5 54.Ra5+ Kf4 55.Ra8 Rd4 56.Rb8 Rd5 57.Rb4+ Ke5
58.Rb8 Rd6 59.Re8+ Kf4 60.Ra8 Re6 61.Ra4+ Ke5 62.Rb4 Kf6 63.Ra4 Kg6 64.Rb4 Rc6
65.Ra4 Rc5 66.Ra8 g4 67.Rg8+ Kh5 68.Rg7 Rc6 69.Rg8 Rd6 70.Rg7 Rg6 71.Rh7+ Kg5
72.Rh8 Rg7 73.Kh2 gxh3 74.Kxh3 Kf4 75.Rxh4+ Kf3 76.Ra4 Rh7+ 77.Rh4 Re7 78.Ra4 Re1
79.Kh2 f4 80.Rb4 Ra1 81.Rb2 Re1 82.Rb4 Rd1 83.Ra4 Rb1 84.Rc4 Rf1 85.Ra4 Rxf2+
86.Kg1 Re2 87.Kf1 Rf2+ 88.Kg1 Rd2 89.Ra3+ Kg4 90.Kf1 Rh2 91.Rb3 Rh1+ 92.Kf2 Rc1
93.Ra3 Rb1 94.Rc3 Rb2+ 95.Kf1 Kf5 96.Ra3 Ke4 97.Rc3 Rd2 98.Ra3 Rd3 99.Rxd3 Kxd3
100.Kf2 f3  1/2-1/2

[Event "50th World Juniors"]
[Site "Chennai IND"]
[Date "2011.08.09"]
[Round "7.31"]
[White "Ly,Mo"]
[Black "Gahan,M"]
[Result "0-1"]
[WhiteElo "2369"]
[BlackElo "2188"]

1.e4 c5 2.Nf3 e6 3.d4 cxd4 4.Nxd4 a6 5.Nc3 b5 6.Bd3 Qc7 7.O-O Nf6 8.Qe2 Bb7
9.Kh1 Nc6 10.Nxc6 Qxc6 11.f3 b4 12.Nd1 Be7 13.Ne3 Qc7 14.Bd2 d5 15.exd5 Nxd5
16.Nxd5 Bxd5 17.Bxa6 Qxc2 18.Rac1 Qxb2 19.Qb5+ Kf8 20.Qd7 g5 21.Be3 Qe5 22.Rc7 Qd6
23.Bd4 e5 24.Bc5 Qxd7 25.Rxd7 Bxc5 26.Rxd5 Bd4 27.Bc4 Ke7 28.g3 Rhd8 29.Rb5 Rab8
30.Ra5 Rdc8 31.Bb3 Rc7 32.Re1 Kf6 33.Rd5 Kg6 34.Rd6+ f6 35.Kg2 Rbc8 36.Re2 Rc1
37.Rd7 h5 38.Bf7+ Kh6 39.Be6 R8c7 40.Rxc7 Rxc7 41.Bf5 Kg7 42.Rc2 Bc3 43.Kf1 Kf7
44.Ke2 Ke7 45.Kd3 Ra7 46.Re2 Kd6 47.Kc4 Rc7+ 48.Kb3 Kd5 49.Bc2 Ra7 50.a4 Kc5
51.Bg6 h4 52.Re4 Rd7 53.Rc4+ Kb6 54.gxh4 Rd2 55.Bc2 Rxh2 56.hxg5 fxg5 57.Rc8 Re2
58.Rb8+ Kc5 59.Rc8+ Kd4 60.Rd8+ Ke3 61.a5 Re1 62.Rd1 Kxf3 63.a6 Re3 64.Kc4 Bd4
65.Kxb4 g4 66.Bb3 Ke2 67.Rc1 g3 68.Bd5 e4 69.Rc2+ Kf3 70.Rc7 g2 71.Rf7+ Ke2
72.Bc4+ Ke1  0-1

[Event "Split Open"]
[Site "Split CRO"]
[Date "2011.08.09"]
[Round "5.8"]
[White "Smirnov,Arte"]
[Black "Bender,I"]
[Result "1-0"]
[WhiteElo "2440"]
[BlackElo "2273"]

1.e4 c5 2.Nc3 a6 3.Nge2 e6 4.d4 cxd4 5.Nxd4 d6 6.g3 Bd7 7.Bg2 Nc6 8.O-O Nxd4
9.Qxd4 Nf6 10.e5 dxe5 11.Qxe5 Qc8 12.Bg5 Be7 13.Ne4 Nxe4 14.Qxg7 Rf8 15.Bxe4 Bxg5
16.Qxg5 Bc6 17.Rfe1 Bxe4 18.Rxe4 Qd8 19.Qh5 Qb6 20.Rd1 Rd8 21.Rxd8+ Kxd8
22.Qh4+ Kc8 23.Qf4 a5 24.b4 Kd7 25.bxa5 Qc5 26.Rb4 e5 27.Qg4+  1-0

[Event "XX TCh-MKD"]
[Site "Struga MKD"]
[Date "2011.08.09"]
[Round "2"]
[White "Kiroski,T"]
[Black "Damljanovic,B"]
[Result "0-1"]
[WhiteElo "2340"]
[BlackElo "2611"]

1.e4 c5 2.Nf3 e6 3.Nc3 a6 4.d4 cxd4 5.Nxd4 b5 6.Bd3 Bb7 7.O-O Nc6 8.Nxc6 Bxc6
9.Be3 b4 10.Ne2 Nf6 11.f3 Qc7 12.Bf4 Qb6+ 13.Kh1 d5 14.e5 Nd7 15.Qe1 g6 16.c3 bxc3
17.bxc3 Bg7 18.Nd4 O-O 19.Qe3 Rfc8 20.Rac1 Bb5 21.Rfe1 Bxd3 22.Qxd3 Rc4 23.Bg3 Rac8
24.f4 Nc5 25.Qf3 Ne4 26.Ne2 Bf8 27.Red1 Bc5 28.Be1 Bf2 29.Bd2 Nxd2 30.Rxd2 Be3  0-1

[Event "1st Radzikowskiej Mem"]
[Site "Warsaw POL"]
[Date "2011.08.09"]
[Round "5"]
[White "Zozulia,A"]
[Black "Iwanow,A"]
[Result "0-1"]
[WhiteElo "2381"]
[BlackElo "2162"]

1.e4 c5 2.Nf3 e6 3.d4 cxd4 4.Nxd4 a6 5.Nc3 Qc7 6.Bd3 Bc5 7.Nb3 Be7 8.O-O d6
9.f4 Nd7 10.Qf3 Ngf6 11.Kh1 b6 12.Bd2 Bb7 13.Rae1 g6 14.Qh3 h5 15.Nd4 Ng4
16.Nd1 O-O-O 17.Nf2 Ndf6 18.c4 Kb8 19.b4 d5 20.cxd5 exd5 21.Rc1 Qd7 22.e5 Ne4
23.Be3 Nxe3 24.Qxe3 Nxf2+ 25.Rxf2 Rc8 26.a3 h4 27.h3 b5 28.Rxc8+ Rxc8 29.f5 Rc3
30.fxg6 fxg6 31.Rf7 Qc7 32.Kh2 Bc8 33.Kh1 Bb7 34.Ne6 Qd7 35.Nd4 Qc7 36.Ne6 Qd7
37.Nd4 Qc7 38.Rf1 Rxa3 39.Ne6 d4 40.Qxd4 Qc6 41.Nf4 g5 42.Rf3 gxf4 43.Be2 Qc1+
44.Rf1 Rxh3+ 45.Kg1 Qe3+  0-1

[Event "Cafe Atlantis Masters"]
[Site "Groningen NED"]
[Date "2011.08.10"]
[Round "3.4"]
[White "Rietveld,R"]
[Black "De Jong,M"]
[Result "1/2-1/2"]
[WhiteElo "2248"]
[BlackElo "2376"]

1.e4 c5 2.Nf3 e6 3.d4 cxd4 4.Nxd4 a6 5.Nc3 b5 6.Bd3 Bb7 7.O-O Nc6 8.Nxc6 Bxc6
9.Re1 Bc5 10.Qh5 d6 11.e5 Qb6 12.Be3 Bxe3 13.Rxe3 g6 14.Qg5 Qd8 15.Qf4 dxe5
16.Qxe5 Qf6 17.Qc7 Ne7 18.Be4 Rc8 19.Bxc6+ Kf8 20.Qd7 Rxc6 21.Rf3 Qh4 22.Re1 Qb4
23.Qd8+ Kg7 24.Rxf7+ Kxf7 25.Qxh8 Qxb2 26.Qxh7+ Ke8 27.Ne4 Rxc2 28.h4 Qe5
29.a3 Ra2 30.g4 Ra1 31.Rxa1 Qxa1+ 32.Kg2 Qe5 33.f3 Qb2+ 34.Kg3 Qe5+ 35.Kg2 Qb2+
36.Kg3 Qe5+ 37.Kg2 Qb2+  1/2-1/2

[Event "RTU Open A"]
[Site "Riga LAT"]
[Date "2011.08.10"]
[Round "2"]
[White "Karklins,I"]
[Black "Miezis,N"]
[Result "0-1"]
[WhiteElo "2260"]
[BlackElo "2520"]

1.e4 c5 2.Nf3 e6 3.d4 cxd4 4.Nxd4 a6 5.Nc3 Qc7 6.Bd3 Nc6 7.Nxc6 dxc6 8.O-O e5
9.f4 Nf6 10.Kh1 Bc5 11.f5 h5 12.Qf3 b5 13.a4 Rb8 14.axb5 axb5 15.Bg5 Bb7
16.Ne2 Be7 17.Ng1 Bc8 18.Qe2 Bd7 19.Nf3 Ng4 20.Bd2 c5 21.c3 c4 22.Bc2 h4
23.Ng5 Nf6 24.b3 Rc8 25.bxc4 bxc4 26.Rfd1 Bd6 27.Be3 Bc5 28.Qxc4 O-O 29.Qxc5 Qxc5
30.Bxc5 Rxc5 31.Ra3 Bb5 32.Bb3 Bc4 33.Bxc4 Rxc4 34.Re1 Rd8 35.h3 Nh5 36.Nf3 f6
37.Nxh4 Ng3+ 38.Kh2 Nxe4 39.Ng6 Kh7 40.Re3 Kh6 41.h4 Nf2 42.Re1 Ng4+ 43.Kg1 e4
44.Nf4 e3 45.Ne6 Rdc8 46.g3 Rxc3 47.Rxc3 Rxc3 48.Kg2 Ra3 49.Kf3 Ne5+ 50.Ke4 e2
51.Rxe2 Rxg3 52.Ra2 Rg4+ 53.Ke3 Nc4+ 54.Kf3 Ne5+ 55.Ke3 Rg3+ 56.Ke4 Rg1 57.Ra8 Nc4
58.Ra7 Nd6+ 59.Kf4 Rf1+ 60.Kg4 Nxf5 61.Ra8 Ne3+ 62.Kg3 Kg6 63.Nf4+ Kh7 64.Ne6 Nf5+
65.Kg4 Nd6 66.Nd4 f5+ 67.Kh3 Rh1+ 68.Kg3 Rg1+ 69.Kf2 Rg4 70.Nf3 Ne4+ 71.Ke3 Nf6
72.Ra5 g6 73.Rb5 Ra4 74.Rb6 Nd5+  0-1

[Event "50th World Juniors"]
[Site "Chennai IND"]
[Date "2011.08.11"]
[Round "9.17"]
[White "Krejci,Jan2"]
[Black "Gahan,M"]
[Result "1-0"]
[WhiteElo "2503"]
[BlackElo "2188"]

1.e4 c5 2.Nf3 e6 3.d4 cxd4 4.Nxd4 a6 5.Nc3 b5 6.Bd3 Qc7 7.O-O Nf6 8.Qe2 Bb7
9.Bd2 Nc6 10.Nxc6 Qxc6 11.f3 d5 12.e5 Nd7 13.a4 b4 14.Na2 b3 15.cxb3 Qb6+
16.Kh1 Qxb3 17.Nc1 Qb6 18.a5 Qc7 19.Re1 Nc5 20.Bb1 Bc6 21.b4 Bb5 22.Qe3 Nd7
23.f4 g6 24.Nb3 Bc4 25.Nd4 Qb7 26.f5 gxf5 27.Nxf5 Rg8 28.Nd4 Bxb4 29.Bxh7 Bxd2
30.Qxd2 Rg4 31.Rab1 Qc7 32.Nf3 Nf8 33.h3 Rg7 34.Bc2 Nd7 35.Ba4 Kf8 36.Bxd7 Qxd7
37.Rb4 Rc8 38.Reb1 Kg8 39.Rb7 Rc7 40.Rb8+ Rc8 41.Nd4 Qc7 42.Rxc8+ Qxc8 43.Qf4 Bd3
44.Nc6 Bxb1 45.Ne7+ Kf8 46.Nxc8 Be4 47.Nd6 Bxg2+ 48.Kh2 d4 49.Qf6 Kg8 50.Qd8+ Kh7
51.Ne8 Rg6 52.Nf6+ Kg7 53.Qg8+ Kh6 54.Qh7+ Kg5 55.Kxg2  1-0

[Event "29th World Junior Girls"]
[Site "Chennai IND"]
[Date "2011.08.13"]
[Round "11.10"]
[White "Lkhamsuren,U"]
[Black "Martinez,Ay"]
[Result "0-1"]
[WhiteElo "2163"]
[BlackElo "2011"]

1.e4 c5 2.Nf3 e6 3.d4 cxd4 4.Nxd4 a6 5.Nc3 b5 6.Bd3 Qb6 7.Nb3 Qc7 8.O-O Bb7
9.Re1 Nf6 10.Bg5 Nc6 11.Bf1 Be7 12.f4 d6 13.Qe2 O-O 14.Rad1 h6 15.Bxf6 Bxf6
16.Rd3 Nb4 17.Rh3 Bxc3 18.bxc3 Nxa2 19.Qg4 Nxc3 20.Bd3 Qb6+ 21.Kh1 Qf2 22.Rhe3 f5
23.exf5 exf5 24.Qg6 Ne4 25.Qe6+ Kh8 26.R3e2 Qxf4 27.Na5 Rae8 28.Qd7 Nf2+
29.Kg1 Rxe2 30.Rxe2 Ng4  0-1

[Event "MMK Krakow IM"]
[Site "Krakow POL"]
[Date "2011.08.13"]
[Round "9.1"]
[White "Barski,R"]
[Black "Sivuk,V"]
[Result "0-1"]
[WhiteElo "2313"]
[BlackElo "2422"]

1.e4 c5 2.Nf3 e6 3.d4 cxd4 4.Nxd4 a6 5.Nc3 b5 6.Bd3 Bb7 7.O-O Nc6 8.Be3 b4
9.Nxc6 Bxc6 10.Ne2 Nf6 11.f3 Qc7 12.c4 Bd6 13.g3 Bb7 14.Qe1 Bc5 15.Qf2 d6
16.a3 bxa3 17.bxa3 Nd7 18.Nd4 Qb6 19.Rab1 Qa7 20.a4 Rc8 21.Rb3 O-O 22.Rfb1 Ba8
23.a5 Rb8 24.Kf1 Rxb3 25.Rxb3 Rb8 26.Ke2 e5 27.Rxb8+ Qxb8 28.Nc2 Bxe3 29.Qxe3 Nc5
30.Qd2 Qb3 31.Ne3 g6 32.Bc2 Qb8 33.Kf2 h5 34.Bd3 Qb2 35.Nc2 Bc6 36.Ke2 Qb3
37.Na1 Qb8 38.Nc2 Qc8 39.Kf2 h4 40.Bf1 hxg3+ 41.hxg3 Bxe4 42.Nb4 Qf5 43.Be2 Bxf3  0-1

[Event "6th Ptuj Open"]
[Site "Ptuj SLO"]
[Date "2011.08.13"]
[Round "2"]
[White "Cmor,N"]
[Black "Tomasic,R"]
[Result "0-1"]
[WhiteElo "1837"]
[BlackElo "2134"]

1.e4 c5 2.Nf3 e6 3.d4 cxd4 4.Nxd4 a6 5.Nc3 Qc7 6.g3 Nf6 7.Bg2 d6 8.O-O Be7
9.Re1 O-O 10.h3 Nc6 11.Nxc6 bxc6 12.Na4 d5 13.exd5 cxd5 14.c4 Rd8 15.Be3 Rb8
16.cxd5 Nxd5 17.Bxd5 Rxd5 18.Bf4 Qa5 19.Qc2 e5 20.a3 Bxh3 21.b4 Qd8 22.Bxe5 Rc8
23.Qe4 Rxe5 24.Qxe5 Bf6 25.Qh5 Bxa1 26.Qxh3 Bd4 27.Qg4 Ba7 28.Rd1 Qe8 29.Qd7 Bxf2+
30.Kxf2 Rc2+ 31.Kf3 Qe2+ 32.Kf4 Rc4+ 33.Rd4 g5+ 34.Kf5 Qf3+ 35.Ke5 Qe3+ 36.Kf6 Qxd4+
37.Qxd4 Rxd4 38.Kxg5 Rd3  0-1

[Event "Stare Mesto FIDE Open"]
[Site "Stare Mesto CZE"]
[Date "2011.08.13"]
[Round "3.5"]
[White "Cajka,T"]
[Black "Zpevak,P"]
[Result "1/2-1/2"]
[WhiteElo "2146"]
[BlackElo "2409"]

1.e4 c5 2.Nf3 e6 3.d4 cxd4 4.Nxd4 a6 5.Nc3 Qc7 6.Be2 Nf6 7.O-O Nc6 8.Be3 Bb4
9.Na4 Be7 10.Nxc6 bxc6 11.Nb6 Rb8 12.Nxc8 Qxc8 13.Bd4 c5 14.Be5 Rb6 15.Qd3 O-O
16.b3 d6 17.Bb2 Rd8 18.c4 Nd7 19.Rad1 Rb8 20.Qg3 Nf6 21.Bxf6 Bxf6 22.Rxd6 Bd4  1/2-1/2

[Event "50th World Juniors"]
[Site "Chennai IND"]
[Date "2011.08.14"]
[Round "12.57"]
[White "Sekar,B"]
[Black "Karthikeyan,M2"]
[Result "1-0"]
[WhiteElo "2061"]
[BlackElo "2122"]

1.e4 c5 2.Nf3 e6 3.d4 cxd4 4.Nxd4 a6 5.Nc3 Qc7 6.Bd3 Nf6 7.Qe2 Nc6 8.Nxc6 dxc6
9.O-O e5 10.f4 Bc5+ 11.Kh1 O-O 12.f5 b5 13.Bg5 Be7 14.a4 Bb7 15.Nd1 Rfd8
16.Bh4 Rd4 17.Bf2 Rxa4 18.Rxa4 bxa4 19.Ne3 c5 20.Nc4 Bc6 21.Re1 Nd7 22.Qd2 Rb8
23.Qc3 Rb4 24.h3 Qb8 25.Bg3 f6 26.Rd1 Nb6 27.Nd2 Qb7 28.Bf2 Nd7 29.Nc4 Bb5
30.Na5 Qc7 31.Nc4 Kh8 32.Kh2 g6 33.fxg6 hxg6 34.Bg3 Kh7 35.Kh1 Nb6 36.Ne3 Qc6
37.Ng4 c4 38.Be2 Qxe4 39.Qxb4 Nc8 40.Qxe7+  1-0

[Event "CECLUB Div2 Gp1"]
[Site "Padron ESP"]
[Date "2011.08.14"]
[Round "6"]
[White "Rivera,Dan"]
[Black "Gonzalez Menendez,I"]
[Result "0-1"]
[WhiteElo "2327"]
[BlackElo "2448"]

1.e4 c5 2.Nc3 a6 3.Nf3 e6 4.d4 cxd4 5.Nxd4 Qc7 6.g3 Nc6 7.Bg2 Nf6 8.O-O Bc5
9.Be3 Ne5 10.Bf4 d6 11.Nb3 Ba7 12.a4 O-O 13.h3 Nc4 14.Bc1 e5 15.Nd2 Be6 16.Nxc4 Bxc4
17.Re1 h6 18.Be3 Bxe3 19.Rxe3 Rac8 20.Rc1 Rfd8 21.b3 Be6 22.Rd3 Qa5 23.Qd2 Rc6
24.Nd5 Qxd2 25.Rxd2 Bxd5 26.exd5 Rc3 27.Ra1 Rdc8 28.Ra2 Nd7 29.h4 R8c7 30.a5 g6
31.Bh3 f5 32.h5 Kg7 33.hxg6 Kxg6 34.Bg2 Kg5 35.f3 Nf6 36.Kf2 R7c5 37.b4 R5c4
38.Rb2 f4 39.Bf1 fxg3+ 40.Kg2 Rh4 41.Be2 Kf4 42.b5 Rh2+ 43.Kg1 Ke3 44.bxa6 bxa6
45.Rd3+ Rxd3 46.Bxd3 Kxf3 47.Bxa6 Ng4 48.Rb3+ Ne3 49.Bd3 Rg2+ 50.Kh1 Kf2  0-1

[Event "6th Ptuj Open"]
[Site "Ptuj SLO"]
[Date "2011.08.14"]
[Round "4"]
[White "Cmor,N"]
[Black "Jezidzic,G"]
[Result "0-1"]
[WhiteElo "1837"]
[BlackElo "2216"]

1.e4 c5 2.Nf3 e6 3.d4 cxd4 4.Nxd4 a6 5.Nc3 b5 6.a3 Bb7 7.g3 Nf6 8.Bg2 Qc7
9.O-O b4 10.axb4 Bxb4 11.Nde2 d6 12.h3 O-O 13.Ra4 a5 14.Be3 Bc6 15.Ra1 Nbd7
16.b3 Qb7 17.f3 Rfd8 18.Na4 d5 19.Nd4 Bxa4 20.bxa4 dxe4 21.Qe2 Nd5 22.fxe4 Nxe3
23.Qxe3 Rac8 24.Qf4 f6 25.Qg4 Nf8 26.Rad1 Qa7 27.e5 f5 28.Qf4 Rc4  0-1

[Event "29th World Junior Girls"]
[Site "Chennai IND"]
[Date "2011.08.15"]
[Round "13"]
[White "Lkhamsuren,U"]
[Black "Terao,J"]
[Result "1-0"]
[WhiteElo "2163"]
[BlackElo "2168"]

1.e4 c5 2.Nf3 e6 3.d4 cxd4 4.Nxd4 a6 5.Nc3 Qc7 6.Bd3 Nf6 7.Qe2 d6 8.f4 Nc6
9.Be3 e5 10.Nf3 g6 11.f5 Bg7 12.Bg5 gxf5 13.exf5 h6 14.Bxf6 Bxf6 15.O-O-O Qa5
16.Be4 Be7 17.Qc4 Bd7 18.Bd5 O-O-O 19.Bxc6 Bxc6 20.Qxf7 Rd7 21.f6 Bd8 22.Qe6 Qc5
23.Rhf1 Rf8 24.Nh4 Qe3+ 25.Kb1 Qg5 26.g3 Rxf6 27.Rxf6 Qxf6 28.Rxd6 Qxe6 29.Rxe6 Rf7
30.a3 Bf6 31.Ng6 Bd7 32.Rd6 Bg7 33.Nd5 e4 34.Nb6+ Kc7 35.Rxd7+ Rxd7 36.Nxd7 Kxd7
37.b3 Ke6 38.Nf4+ Kf5 39.Kc1 Be5 40.Kd2 Bd4 41.Ne2 Bf2 42.h3 h5 43.Kc3 Ke5
44.Kc4 b5+ 45.Kc3 Be1+ 46.Kb2 e3 47.Kc1 Ke4 48.Kd1 Ba5 49.g4 hxg4 50.hxg4 Bd8
51.c4 Be7 52.cxb5 axb5 53.b4 Kf3 54.Nd4+ Kf2 55.Ne2 Bf6 56.Nc1 Bb2 57.Nd3+ Kf1
58.g5 e2+ 59.Kc2 Bg7 60.g6 Kg2 61.a4 bxa4  1-0

[Event "XLV Mislata Open A"]
[Site "Mislata ESP"]
[Date "2011.08.15"]
[Round "1"]
[White "Sanchez Dengra,J"]
[Black "Martinez Tormo,J"]
[Result "1/2-1/2"]
[WhiteElo "1986"]
[BlackElo "2164"]

1.e4 c5 2.Nf3 e6 3.d4 cxd4 4.Nxd4 a6 5.Nc3 Qc7 6.Be2 Bb4 7.O-O Nf6 8.Bg5 Bxc3
9.Bxf6 gxf6 10.bxc3 Qxc3 11.Rb1 Nc6 12.Nxc6 bxc6 13.Qd6 Qe5 14.Qxe5 fxe5
15.Rb6 Kd8 16.f4 f6 17.fxe5 fxe5 18.Rf7 Kc7 19.Rb3 Rb8 20.Rxb8 Kxb8 21.g4 Kc7
22.h4 h6 23.Rg7 Kd6 24.g5 hxg5 25.hxg5 Kc5 26.g6 d5 27.Kg2 Kd6 28.Kg3 Bd7
29.Kg4 Rh2 30.Bf3 Be8 31.Kg5 Bxg6 32.Rxg6 Rxc2 33.exd5 cxd5 34.Bg4 Rxa2 35.Rxe6+ Kc5
36.Rxe5 a5 37.Bf3 Rd2 38.Kf4 Kc4 39.Rxd5 Rxd5 40.Bxd5+ Kxd5 41.Ke3 Kc4 42.Kd2 Kb3
43.Kc1 Ka2 44.Kc2 a4 45.Kc1 Kb3 46.Kb1 a3 47.Ka1  1/2-1/2

[Event "26th Universiade Women"]
[Site "Shenzhen CHN"]
[Date "2011.08.15"]
[Round "2.21"]
[White "You Garam"]
[Black "Heinatz,M"]
[Result "0-1"]
[WhiteElo "1452"]
[BlackElo "1931"]

1.e4 c5 2.Nf3 e6 3.Nc3 a6 4.d4 cxd4 5.Nxd4 Qc7 6.Bd3 Nf6 7.O-O Bc5 8.Be3 d6
9.h3 b5 10.a3 Bb7 11.Qd2 Nbd7 12.f4 Rc8 13.Rae1 O-O 14.Nf3 e5 15.fxe5 Nxe5
16.Nxe5 dxe5 17.Kh1 Bxe3 18.Qxe3 Qc6 19.Qg5 Qe6 20.Re3 h6 21.Qh4 Nh7 22.Be2 Rcd8
23.Rg3 Rd4 24.Bg4 Qd6 25.Bf5 Kh8 26.Rff3 Qd8 27.Qg4 Qg5 28.Qxg5 Nxg5 29.Re3 g6
30.h4 gxf5 31.hxg5 f4  0-1

[Event "Stare Mesto FIDE Open"]
[Site "Stare Mesto CZE"]
[Date "2011.08.15"]
[Round "5"]
[White "Klima,L"]
[Black "Zpevak,P"]
[Result "1-0"]
[WhiteElo "2349"]
[BlackElo "2409"]

1.e4 c5 2.Nf3 e6 3.d4 cxd4 4.Nxd4 a6 5.Nc3 Qc7 6.Bd3 Nf6 7.O-O Nc6 8.Nxc6 dxc6
9.f4 e5 10.f5 Bc5+ 11.Kh1 h5 12.Bg5 Ng4 13.Qf3 f6 14.Bd2 Bd7 15.a4 a5 16.Nd1 Qb6
17.Rb1 O-O-O 18.Qe2 Be8 19.Bc4 g6 20.Qe1 Bb4 21.c3 Bc5 22.b4 gxf5 23.exf5 Rh7
24.Rc1 Bf8 25.Be6+ Bd7 26.bxa5 Qxa5 27.c4 Qc5 28.Nc3 Bxe6 29.Ne4 Qe7 30.fxe6 Qxe6
31.Ba5 Rd4 32.Bb6 Rxc4 33.Qa5 Rxc1 34.Qa8+ Kd7  1-0

[Event "26th Universiade Women"]
[Site "Shenzhen CHN"]
[Date "2011.08.16"]
[Round "3.12"]
[White "Heinatz,M"]
[Black "Muzychuk,M"]
[Result "0-1"]
[WhiteElo "1931"]
[BlackElo "2469"]

1.e4 c5 2.Nf3 e6 3.Nc3 a6 4.d4 cxd4 5.Nxd4 Qc7 6.Bd3 Nf6 7.Qe2 Bc5 8.Nb3 Bd6
9.h3 Nc6 10.O-O Bf4 11.Bxf4 Qxf4 12.Rae1 d6 13.g3 Qh6 14.Kg2 e5 15.Rh1 Be6
16.Bc4 O-O 17.Bxe6 fxe6 18.Rd1 Rad8 19.Qc4 Nh5 20.Rhe1 Rf7 21.Re2 Qg6 22.Rdd2 Nf4+
23.Kh2 Nxe2 24.Nxe2  0-1

[Event "12th Kolobrzeg Open"]
[Site "Kolobrzeg POL"]
[Date "2011.08.17"]
[Round "2.2"]
[White "Kowal,M"]
[Black "Grabarczyk,B"]
[Result "0-1"]
[WhiteElo "1753"]
[BlackElo "2423"]

1.e4 c5 2.Nf3 e6 3.d4 cxd4 4.Nxd4 a6 5.Nc3 d6 6.Be2 Nf6 7.Bg5 Nbd7 8.Qd2 b5
9.Bf3 Ne5 10.a3 Bb7 11.O-O-O Be7 12.Nb3 O-O 13.Bxf6 gxf6 14.Be2 Kh8 15.Bh5 Rc8
16.f4 Nc4 17.Qd3 Qc7 18.Nb1 d5 19.Bf3 Qxf4+ 20.N1d2 dxe4 21.Bxe4 Qe5 22.c3 Nxd2
23.Nxd2 Bxa3 24.Kb1 Rcd8 25.Qe3 Rxd2 26.Rxd2 Qxe4+ 27.Qxe4 Bxe4+ 28.Ka2 Bc5
29.Re1 Bd5+ 30.Ka1 a5 31.g4 Kg7 32.Rd3 Rc8 33.h4 Bf8 34.g5 fxg5 35.hxg5 Rc4
36.Rh3 Rg4 37.Kb1 Rxg5 38.Rh4 Bd6 39.Re3 Rg1+ 40.Kc2 Rg2+ 41.Kb1 Be7 42.Rh5 Bg5
43.Re1 h6 44.Rh3 f5  0-1

[Event "Stare Mesto FIDE Open"]
[Site "Stare Mesto CZE"]
[Date "2011.08.17"]
[Round "7"]
[White "Kozel,Ji"]
[Black "Stachon,Martin"]
[Result "0-1"]
[WhiteElo "1920"]
[BlackElo "2040"]

1.e4 c5 2.Nf3 e6 3.d4 cxd4 4.Nxd4 a6 5.Nc3 Qc7 6.Bd3 Nf6 7.O-O Bc5 8.Nb3 Be7
9.f4 d6 10.e5 dxe5 11.fxe5 Nfd7 12.Bf4 Nc6 13.Qg4 g6 14.Qg3 Ndxe5 15.Be4 f6
16.Bxc6+ bxc6 17.Rae1 Qa7+ 18.Be3 Qb8 19.Ne4 O-O 20.Bd4 Nd7 21.Qc3 e5 22.Qc4+ Kg7
23.Be3 Qc7 24.Qe6 Nb6 25.Nbc5 Nd5 26.Rf2 Kh8 27.c4 Nxe3  0-1

[Event "10th Lichtenberger Sommer"]
[Site "Berlin GER"]
[Date "2011.08.18"]
[Round "6.22"]
[White "Amelang,T"]
[Black "Hoffmann,Pe2"]
[Result "0-1"]
[WhiteElo "2152"]
[BlackElo "2030"]

1.e4 c5 2.Nf3 e6 3.d4 cxd4 4.Nxd4 a6 5.Nc3 Qc7 6.Be2 Nc6 7.Nb3 b5 8.a3 Bb7
9.O-O Nf6 10.Be3 d6 11.f4 Be7 12.Bf3 Nd7 13.Qe2 Bf6 14.Nd1 Nb6 15.c3 Nc4
16.Bf2 Be7 17.Ne3 N4a5 18.Nd2 Nd8 19.Rac1 Nac6 20.Qd3 a5 21.c4 b4 22.g4 g6
23.Bg2 O-O 24.Nf3 Ba6 25.f5 Ne5 26.Qe2 Ndc6 27.Rfd1 Bf6 28.Qd2 Nxf3+ 29.Bxf3 Nd4
30.Kg2 Nb3 31.Qc2 Nxc1 32.Rxc1 Rab8 33.a4 Bb7 34.b3 Rbc8 35.Qd3 Be5 36.Rd1 Kh8
37.g5 exf5 38.exf5 Bxf3+ 39.Kxf3 f6 40.Nd5 Qb7 41.fxg6 fxg5+ 42.Kg2 hxg6
43.Qxg6 Qh7 44.Qxh7+ Kxh7 45.Bb6 g4 46.Rd3 Rf7 47.Bxa5 Rcf8 48.Bb6 Rf3 49.Be3 Rh3
50.a5 Rxh2+ 51.Kg1 g3 52.a6 Kg7 53.a7 Ra2 54.Nxb4 Ra1+ 55.Kg2 Rh8 56.Nc6 Rh2+
57.Kf3 Rf1+ 58.Kg4 Rh8 59.Nxe5 g2 60.Nf3 Rg8 61.Rxd6 Kf7+ 62.Ng5+ Ke7 63.Rb6 g1=Q+
64.Bxg1 Rxg1+ 65.Kf4 Rf8+ 66.Ke4 Rxg5 67.b4 Ra8 68.Rb7+ Kd6 69.b5 Rg4+ 70.Kd3 Rg3+
71.Kc2 Kc5 72.Kb2 Kxc4 73.b6 Rgg8 74.Rf7 Kc5 75.Rf6 Rgd8 76.Kc3 Rd7  0-1

[Event "26th Universiade Men"]
[Site "Shenzhen CHN"]
[Date "2011.08.18"]
[Round "5"]
[White "Nestorovic,N"]
[Black "Vovk,Y"]
[Result "0-1"]
[WhiteElo "2474"]
[BlackElo "2564"]

1.e4 c5 2.Nf3 e6 3.Nc3 a6 4.d4 cxd4 5.Nxd4 Qc7 6.Bd3 Nf6 7.O-O Nc6 8.Nxc6 dxc6
9.f4 e5 10.f5 Bc5+ 11.Kh1 h5 12.Qf3 b5 13.a4 Bb7 14.Bg5 Bc8 15.Bc1 Bb7 16.Bg5 O-O-O
17.Nb1 Ng4 18.Nd2 f6 19.Bh4 Be3 20.Be1 Bc5 21.Bh4 Be3 22.Be1 c5 23.axb5 axb5
24.b3 Bf4 25.g3 Bxd2 26.Bxd2  0-1